| 000 | 00379nam a2200121Ia 4500 | ||
|---|---|---|---|
| 999 |
_c11118 _d11118 |
||
| 082 | _aRR 016.30926 BIB | ||
| 100 | _aSchatzberg, Michael G. comp. | ||
| 245 | 0 | _aBibliography of small urban centers in rural development in Africa | |
| 260 |
_aMadison _bAfrican Studies program, University of W _c1979 |
||
| 300 | _aix, 246p. | ||
| 500 | _aAuthor Index : 167-246p. | ||
| 942 |
_cBK _2ddc |
||